Central Library OPAC University of Rajshahi

ফরীদ উদ্দীন আক্তার: (Record no. 77549)

MARC details
000 -LEADER
fixed length control field 02099nam a2200313 a 4500
001 - CONTROL NUMBER
control field 77549
003 - CONTROL NUMBER IDENTIFIER
rucl marc code BD-RjUL
005 - DATE AND TIME OF LATEST TRANSACTION
control field 20211209083002.0
008 - FIXED-LENGTH DATA ELEMENTS--GENERAL INFORMATION
fixed length control field 201122s2008 bg ||||| |||| 00| 0 ben d
035 ## - SYSTEM CONTROL NUMBER
System control number (BD-RjUL)77775
040 ## - CATALOGING SOURCE
Original cataloging agency BD-RjUL
Language of cataloging ben/eng
041 ## - LANGUAGE CODE
Language code of text/sound track or separate title ben
082 ## - DEWEY DECIMAL CLASSIFICATION NUMBER
Classification number 891.55109
Author mark and year KAK 2008
Edition number 23
100 ## - MAIN ENTRY--PERSONAL NAME
Personal name উদ্দিন, মো. কামাল
9 (RLIN) 242055
245 10 - TITLE STATEMENT
Title ফরীদ উদ্দীন আক্তার:
Remainder of title কাব্য-প্রতিভা ও সূফীবাদ /
Statement of responsibility, etc. মো, কামাল উদ্দীন
Linkage তত্বাবধায়ক: এফ. এম. এ. এইচ. তাকী ; সহ-তত্বাবধায়ক: এম. শামীম খান
260 ## - PUBLICATION, DISTRIBUTION, ETC. (IMPRINT)
Place of publication, distribution, etc. রাজশাহী:
Name of publisher, distributor, etc. ইসলামিক স্টাডিজ বিভাগ, রাজশাহী বিশ্ববিদ্যালয়,
Date of publication, distribution, etc. ২০০৮
300 ## - PHYSICAL DESCRIPTION
Pagination x, ২৪৯ পাতা;
Size ৩০ সেমি.
502 ## - DISSERTATION NOTE
Dissertation note থিসিস (পিএইচ.ডি.) -- ইসলামিক স্টাডিজ বিভাগ, রাজশাহী বিশ্ববিদ্যালয়,২০০৮
504 ## - BIBLIOGRAPHY, ETC. NOTE
Bibliography, etc গ্রন্থপঞ্জি : পাতা [২৩৩]-২৪৯
600 ## - SUBJECT ADDED ENTRY--PERSONAL NAME
Personal name আক্তার, ফরীদ উদ্দীন,
Dates associated with a name -- ১১১৯ --১২৩০
General subdivision জীবনী
Personal name Akter, Farīd ud-Dīn,
Dates associated with a name -- 1119 --1230
General subdivision Biography
Personal name আক্তার, ফরীদ উদ্দীন,
Dates associated with a name -- ১১১৯ --১২৩০
General subdivision সমালোচনা ও ব্যাখা
Personal name Akter, Farīd ud-Dīn,
Dates associated with a name -- 1119 --1230
General subdivision Criticism and Interpretation
650 ## - SUBJECT ADDED ENTRY--TOPICAL TERM
Topical term or geographic name as entry element ফার্সি কবিতা
Form subdivision ইতিহাস ও সমালোচনা
9 (RLIN) 242056
Topical term or geographic name as entry element Persian poetry
Form subdivision History and Criticism
9 (RLIN) 242057
700 ## - ADDED ENTRY--PERSONAL NAME
Personal name তাকী, এফ. এম. এ. এইচ. , তত্বাবধায়ক
Personal name খান, এম. শামীম, সহ-তত্বাবধায়ক
942 ## - ADDED ENTRY ELEMENTS (KOHA)
Source of classification or shelving scheme Dewey Decimal Classification
Koha item type Theses
Holdings
Lost status Source of classification or shelving scheme Damaged status Not for loan Collection code Permanent Location Current Location Shelving location Date acquired Source of acquisition Full call number Date last seen Copy number Koha item type
  Dewey Decimal Classification   Not For Loan Theses Central Library, University of Rajshahi Central Library, University of Rajshahi Documentation Section 21/04/2008 Controller of Exam. , R. U. BTHE 891.55109 KAK 2008 22/11/2020 C-1 Theses